000 00310nam a22001337a 4500
008 181023b xxu||||| |||| 00| 0 eng d
020 _a2740240312966
041 _aeng
080 _28 ED
_a575
100 _a6
101 _aBIO
245 _aGeneral Organic And Biochemistry
_cCaret.R.L
942 _2udc
_cBK
999 _c50607
_d50607